| 000 | 00376nam a2200157Ia 4500 | ||
|---|---|---|---|
| 008 | 221030s9999 xx 000 0 und d | ||
| 020 | _a8176486868 | ||
| 041 | _aEnglish | ||
| 082 |
_a105.23 _bPan |
||
| 100 | _aS. Pankaj | ||
| 245 | 0 |
_aElectronic Governance _cby S. Pankaj |
|
| 260 |
_bA.P.H. Pub _aNew Delhi _c2004 |
||
| 300 | _a351 | ||
| 650 | _aMBA Computers | ||
| 942 | _cBK | ||
| 999 |
_c1738 _d1738 |
||